00305nam a2200121 450000500170000010000230001724500260004026400300006630000170009633600220011333700240013533800240015920260530113844.01 aGordon Brotherston10aMexican Painted Books 1bUniversity of Essexc1992 a40 páginas atexto2rdacontent asin medio2rdamedia avolumen2rdacarrier